000 00443nam a2200169Ia 4500
003 GCL
008 140319s9999 xx 000 0 eng d
040 _aGCL /
_cGCL
082 0 4 _a617.6342
_bS C
100 1 _aSTOCK, CHRISTOPHER
245 1 0 _aCOLOR ATLAS AND TEXT OF ENDODONTICS /
_cSTOCK, CHRISTOPHER
700 1 _aGULABIVALA, KISHOR
260 _a[S.N] :
_bMOSBY ،
_c1995
300 _a300 P
650 0 4 _aENDODONTICS
942 _2ddc
_cBK
999 _c10287
_d10287